000 00690nam a2200289Ia 4500
005 20260324144726.0
008 008 260324s9999 xx 000 0 eng d
020 _a9781003469735
037 _aEBOOK
040 _aCRL
040 _beng
040 _cCRL
041 _2eng
041 _aeng
084 _qCRL
100 _aRobin Cohen
_91184956
245 0 _aEndgame in South Africa?
245 4 _bThe Changing Structures and Ideology of Apartheid
260 _bTaylor and Francis
260 _c1986
365 _a
365 _b120
856 _uhttp://www.taylorfrancis.com/books/9781003469735
942 _cEBOOK
999 _c1827356
_d1827356